000 00315 a2200157 4500
001 176020
020 _a
040 _cMagnum
100 _aFeijo, Martin Cezar
240 1 0 _aRoma antiga
_lpor
245 1 0 _aRoma antiga
362 0 _a1899
440 1 _aÁtica
697 _aMAGNITO: PARADIDATICO
942 _cBK
999 _c176020
_d176020